[Event "Titled Tuesday intern op 11th Jul Early"]
[Site "Chess.com INT"]
[Date "2023.07.11"]
[Round "11"]
[White "Thiel, Thomas"]
[Black "Villuendas Valero, Adrian"]
[Result "0-1"]
[WhiteElo "2195"]
[BlackElo "2273"]
[PlyCount "46"]
[EventDate "2023.07.11"]
[EventType "swiss (blitz)"]
[EventRounds "11"]
[EventCountry "USA"]
[SourceTitle "EXT 2024"]
[Source "ChessBase"]
[SourceDate "2023.10.10"]
[SourceVersion "1"]
[SourceVersionDate "2023.10.10"]
[SourceQuality "1"]

1. e4 c6 2. d4 d5 3. exd5 cxd5 4. c4 Nf6 5. Nc3 Nc6 6. Bg5 e6 7. c5 Be7 8. Bb5 0-0 9. Nge2 h6 10. Bh4 Ne4 11. Bxe7 Nxc3 12. Nxc3 Qxe7 13. Bxc6 bxc6 14. 0-0 e5 15. dxe5 Qxe5 16. Re1 Qg5 17. Qd4 Bh3 18. g3 Rab8 19. b4 Rfe8 20. a4 Qf5 21. Rxe8+ Rxe8 22. Qf4 Qc2 23. Rc1 Qxc3 0-1

[Event "Titled Tuesday intern op 11th Jul Early"]
[Site "Chess.com INT"]
[Date "2023.07.11"]
[Round "3"]
[White "Villuendas Valero, Adrian"]
[Black "Novikova, Margarita"]
[Result "0-1"]
[WhiteElo "2273"]
[BlackElo "1995"]
[PlyCount "168"]
[EventDate "2023.07.11"]
[EventType "swiss (blitz)"]
[EventRounds "11"]
[EventCountry "USA"]
[SourceTitle "EXT 2024"]
[Source "ChessBase"]
[SourceDate "2023.10.10"]
[SourceVersion "1"]
[SourceVersionDate "2023.10.10"]
[SourceQuality "1"]

1. d4 d5 2. c4 e6 3. Nc3 Bb4 4. cxd5 exd5 5. Qb3 Bxc3+ 6. bxc3 Ne7 7. Bg5 c6 8. e3 h6 9. Bh4 0-0 10. Nf3 Qc7 11. Bd3 Nf5 12. Bg3 Nxg3 13. hxg3 Be6 14. Rb1 b6 15. a4 c5 16. dxc5 bxc5 17. Qb7 Qxb7 18. Rxb7 Nd7 19. 0-0 Rfb8 20. Rfb1 Nb6 21. Rxb8+ Rxb8 22. a5 Nd7 23. Rxb8+ Nxb8 24. Ne5 Kf8 25. Bb5 Ke7 26. Kf1 Kd6 27. Nd3 a6 28. Ba4 Bd7 29. Bd1 Bb5 30. Ke2 Nc6 31. Kd2 Nxa5 32. Nf4 g6 33. Bf3 Nc4+ 34. Kc2 Ne5 35. g4 g5 36. Nh5 Ke6 37. Ng3 Nxf3 38. gxf3 Be2 39. Nf5 Bxf3 40. Nxh6 Kf6 41. Kd2 a5 42. Nf5 a4 43. Nd6 Bxg4 44. Nb7 c4 45. Nc5 a3 46. Kc1 Ke5 47. Kb1 Kd6 48. Na6 Ke5 49. Nb4 Ke4 50. Ka2 Be6 51. Kxa3 Kf3 52. Nc2 Kxf2 53. Kb4 g4 54. Kc5 g3 55. e4 g2 56. exd5 g1Q 57. dxe6 fxe6 58. Kxc4 Ke2 59. Nd4+ Ke3 60. Nc2+ Ke4 61. Nd4 e5 62. Ne2 Qa7 63. Ng3+ Kf3 64. Nf5 Qa6+ 65. Kd5 e4 66. Nd4+ Ke3 67. Nf5+ Kd3 68. c4 Qa8+ 69. Kc5 Qc8+ 70. Kb5 Qxf5+ 71. c5 Qc8 72. Kb6 Qxc5+ 73. Kxc5 e3 74. Kd5 e2 75. Ke5 e1Q+ 76. Kd5 Qe4+ 77. Kc5 Qd4+ 78. Kc6 Kc4 79. Kc7 Qd5 80. Kb6 Qc5+ 81. Kb7 Kb5 82. Kb8 Qe7 83. Ka8 Qd7 84. Kb8 Kb6 0-1

[Event "Titled Tuesday intern op 09th May Late"]
[Site "Chess.com INT"]
[Date "2023.05.09"]
[Round "8"]
[White "Spitzl, Vinzent"]
[Black "Villuendas Valero, Adrian"]
[Result "1-0"]
[WhiteElo "2365"]
[BlackElo "2273"]
[PlyCount "53"]
[EventDate "2023.05.09"]
[EventType "swiss (blitz)"]
[EventRounds "11"]
[EventCountry "USA"]
[SourceTitle "CBM 214 Extra"]
[Source "ChessBase"]
[SourceDate "2023.07.31"]
[SourceVersion "1"]
[SourceVersionDate "2023.07.31"]
[SourceQuality "1"]

1. e4 e6 2. d4 d5 3. Nd2 Be7 4. Ngf3 Nf6 5. Bd3 c5 6. exd5 Qxd5 7. c4 Qh5 8. 0-0 cxd4 9. Nxd4 Qxd1 10. Rxd1 a6 11. N2f3 Nbd7 12. Bf4 b6 13. Nc6 Bf8 14. Bc2 Bb7 15. Nfe5 b5 16. cxb5 axb5 17. Bd3 b4 18. Bb5 Ba6 19. Ba4 Be2 20. Nxd7 Bxd1 21. Nxf6+ gxf6 22. Rxd1 Be7 23. b3 e5 24. Be3 Kf8 25. Nxe7 Kxe7 26. Bc5+ Ke6 27. Bd7# 1-0

[Event "Titled Tuesday intern op 09th May Late"]
[Site "Chess.com INT"]
[Date "2023.05.09"]
[Round "1"]
[White "Villuendas Valero, Adrian"]
[Black "Sieciechowicz, Marcin"]
[Result "0-1"]
[WhiteElo "2273"]
[BlackElo "2387"]
[PlyCount "86"]
[EventDate "2023.05.09"]
[EventType "swiss (blitz)"]
[EventRounds "11"]
[EventCountry "USA"]
[SourceTitle "CBM 214 Extra"]
[Source "ChessBase"]
[SourceDate "2023.07.31"]
[SourceVersion "1"]
[SourceVersionDate "2023.07.31"]
[SourceQuality "1"]

1. d4 Nf6 2. Bg5 e6 3. Nd2 d5 4. e3 h6 5. Bh4 Be7 6. Bd3 b6 7. f4 Bb7 8. Qf3 c5 9. c3 Nc6 10. Nh3 Qc7 11. Nf2 Rg8 12. g4 g5 13. fxg5 hxg5 14. Bg3 Qd7 15. 0-0-0 0-0-0 16. dxc5 bxc5 17. Qe2 Bd6 18. e4 Bxg3 19. hxg3 Qc7 20. exd5 exd5 21. Qf3 Nd7 22. Rh7 Kb8 23. Bf5 Nde5 24. Qe2 d4 25. Nfe4 dxc3 26. Nxc3 Nd4 27. Qf1 Qb6 28. Nc4 Nxc4 29. Qxc4 Nxf5 30. gxf5 Rxd1+ 31. Nxd1 Rd8 32. Nc3 f6 33. Qf7 Bf3 34. Qe7 Rc8 35. a3 Ba8 36. Rf7 c4 37. Qe6 Qg1+ 38. Nd1 Qxg3 39. Qxf6 Qf4+ 40. Kc2 Be4+ 41. Kc3 Qf3+ 42. Kd4 Qxd1+ 43. Kxe4 Re8+ 0-1

[Event "Aragon-chT Honor Gr I"]
[Site "Aragon"]
[Date "2023.02.25"]
[Round "5.2"]
[White "Villuendas Valero, Adrian"]
[Black "Glavina, Pablo"]
[Result "1/2-1/2"]
[WhiteElo "2259"]
[BlackElo "2408"]
[PlyCount "124"]
[EventDate "2023.01.28"]
[EventType "team-tourn"]
[EventRounds "7"]
[EventCountry "ESP"]
[SourceTitle "EXT 2024"]
[Source "ChessBase"]
[SourceDate "2023.10.10"]
[SourceVersion "1"]
[SourceVersionDate "2023.10.10"]
[SourceQuality "1"]
[WhiteTeam "El Olivar"]
[BlackTeam "Casablanca MyInvestor"]
[WhiteTeamCountry "ESP"]
[BlackTeamCountry "ESP"]

1. e4 e5 2. Nf3 Nc6 3. Bb5 Bc5 4. c3 Nge7 5. d4 exd4 6. cxd4 Bb4+ 7. Bd2 Bxd2+ 8. Qxd2 d5 9. exd5 Nxd5 10. Bxc6+ bxc6 11. 0-0 0-0 12. Nc3 Nxc3 13. Qxc3 Rb8 14. Ne5 Qd6 15. Nxc6 Rb6 16. d5 Bb7 17. Rac1 h6 18. Rfe1 Kh8 19. Ne7 Bxd5 20. Nxd5 Qxd5 21. b3 Rg6 22. g3 Rc8 23. Re5 Qd6 24. Qe3 Kh7 25. Re7 Rf6 26. Qc5 Qa6 27. Qc2+ Kg8 28. Rce1 Qc6 29. Rc1 Qa6 30. Rd1 c5 31. Rdd7 c4 32. bxc4 g6 33. Rxa7 Qb6 34. Rab7 Qd4 35. Re4 Rxc4 36. Rxd4 Rxc2 37. Rf4 Rxf4 38. gxf4 Rxa2 39. Kg2 Ra3 40. f3 Kg7 41. Kg3 Ra1 42. Rb6 h5 43. Rc6 Ra2 44. Rb6 Re2 45. Ra6 Kf8 46. h4 Re6 47. Ra5 f5 48. Ra7 Re7 49. Ra1 Kf7 50. Rb1 Re6 51. Rb7+ Kf6 52. Ra7 Rb6 53. Ra8 Ke6 54. Ra5 Kd6 55. Re5 Rc6 56. Ra5 Kc7 57. Re5 Rd6 58. Ra5 Kc6 59. Re5 Kb6 60. Kf2 Rd2+ 61. Kg3 Rd1 62. Kg2 Rd2+ 1/2-1/2

[Event "Zaragoza Rey Ardid 2nd"]
[Site "Zaragoza"]
[Date "2021.06.30"]
[Round "4"]
[White "Villuendas Valero, Adrian"]
[Black "Gavarrete, Nahun"]
[Result "1/2-1/2"]
[WhiteElo "2249"]
[BlackElo "2379"]
[PlyCount "118"]
[EventDate "2021.06.28"]
[EventType "tourn"]
[EventRounds "9"]
[EventCountry "ESP"]
[EventCategory "4"]
[SourceTitle "CBM 203 Extra"]
[Source "ChessBase"]
[SourceDate "2021.09.30"]
[SourceVersion "1"]
[SourceVersionDate "2021.09.30"]
[SourceQuality "1"]

1. d4 Nf6 2. Bg5 e6 3. Nd2 c5 4. e3 cxd4 5. exd4 Be7 6. Ngf3 b6 7. Bd3 Bb7 8. Bxf6 Bxf6 9. 0-0 d6 10. a4 a6 11. c3 0-0 12. Qb1 g6 13. Be4 d5 14. Bd3 Nd7 15. Re1 Re8 16. Ne5 Nf8 17. f4 Bg7 18. Ndf3 Qc7 19. g3 f6 20. Ng4 Bc6 21. Qc2 b5 22. axb5 Bxb5 23. Nf2 Qb6 24. Bxb5 Qxb5 25. Qe2 Qxe2 26. Rxe2 a5 27. Nd3 Nd7 28. Ra2 a4 29. Re1 Bf8 30. Rea1 Nb6 31. Nc5 Bxc5 32. dxc5 Nc4 33. b4 a3 34. Nd2 Nxd2 35. Rxd2 Ra4 36. Rda2 Rea8 37. Kf2 d4 38. cxd4 Rxb4 39. Rxa3 Rxa3 40. Rxa3 Rxd4 41. Ra7 Rc4 42. Rc7 h5 43. Ke3 Kf8 44. Kd3 Rc1 45. Kd4 Rc2 46. h3 Rc1 47. g4 hxg4 48. hxg4 Rf1 49. Ke4 Re1+ 50. Kd3 Rc1 51. g5 fxg5 52. fxg5 Ke8 53. Kd4 Rg1 54. Ke5 Rxg5+ 55. Kd6 Rd5+ 56. Kxe6 Kd8 57. Rg7 Rd1 58. Rxg6 Kc7 59. Ke5 Rd2 1/2-1/2

[Event "Aragon-chT Honor Gr II"]
[Site "Aragon"]
[Date "2021.05.01"]
[Round "6.20"]
[White "Calvo Simon, Jorge"]
[Black "Villuendas Valero, Adrian"]
[Result "0-1"]
[WhiteElo "2188"]
[BlackElo "2249"]
[PlyCount "104"]
[EventDate "2021.03.13"]
[EventType "team-tourn"]
[EventRounds "7"]
[EventCountry "ESP"]
[SourceTitle "EXT 2024"]
[Source "ChessBase"]
[SourceDate "2023.10.10"]
[SourceVersion "1"]
[SourceVersionDate "2023.10.10"]
[SourceQuality "1"]
[WhiteTeam "Helios"]
[BlackTeam "El Olivar"]
[WhiteTeamCountry "ESP"]
[BlackTeamCountry "ESP"]

1. d4 e6 2. c4 Bb4+ 3. Bd2 a5 4. Nf3 d6 5. g3 Nc6 6. Bg2 Bxd2+ 7. Nbxd2 e5 8. dxe5 dxe5 9. Qc2 Nf6 10. 0-0 0-0 11. Rfd1 Qe7 12. Nf1 Qc5 13. Ne3 Nd4 14. Nxd4 exd4 15. Nd5 Nxd5 16. Bxd5 c6 17. Bf3 Be6 18. Rd2 Rfd8 19. b3 Rd7 20. Rad1 Rad8 21. Qe4 Qf5 22. Qh4 g5 23. Qe4 Qxe4 24. Bxe4 Kg7 25. c5 f5 26. Bg2 Kf6 27. f4 h6 28. Kf2 Ke7 29. fxg5 hxg5 30. h4 gxh4 31. gxh4 Kf6 32. Rd3 Ke5 33. a3 Rh8 34. Rh1 f4 35. h5 Bf5 36. Rdd1 Rdh7 37. Bf3 Be4 38. Rdg1 Bxf3 39. exf3 Rxh5 40. Rg5+ Rxg5 41. Rxh8 Kd5 42. Rf8 Kxc5 43. Rxf4 Re5 44. Rf7 b6 45. Rd7 Rd5 46. Rh7 b5 47. Ke2 Re5+ 48. Kd2 Re3 49. Rh5+ Kb6 50. b4 Rxa3 51. bxa5+ Kxa5 52. f4 Kb4 0-1

[Event "Aragon-chT Honor Gr II"]
[Site "Aragon"]
[Date "2021.03.13"]
[Round "1.6"]
[White "Glavina, Pablo"]
[Black "Villuendas Valero, Adrian"]
[Result "1/2-1/2"]
[WhiteElo "2410"]
[BlackElo "2249"]
[PlyCount "78"]
[EventDate "2021.03.13"]
[EventType "team-tourn"]
[EventRounds "7"]
[EventCountry "ESP"]
[SourceTitle "EXT 2024"]
[Source "ChessBase"]
[SourceDate "2023.10.10"]
[SourceVersion "1"]
[SourceVersionDate "2023.10.10"]
[SourceQuality "1"]
[WhiteTeam "Casablanca MyInvestor"]
[BlackTeam "El Olivar"]
[WhiteTeamCountry "ESP"]
[BlackTeamCountry "ESP"]

1. e4 e6 2. d4 d5 3. Nd2 c5 4. exd5 exd5 5. Ngf3 a6 6. Be2 Nc6 7. 0-0 Bd6 8. dxc5 Bxc5 9. c4 Nge7 10. Nb3 Bb6 11. cxd5 Qxd5 12. Qxd5 Nxd5 13. Bc4 Nde7 14. Bf4 Bg4 15. Ng5 0-0 16. Rfe1 h6 17. Ne4 Ng6 18. Bd6 Rfd8 19. Bc5 Bc7 20. f3 Bf5 21. Rad1 Rxd1 22. Rxd1 Bxe4 23. fxe4 Nge5 24. Bd5 Rd8 25. h3 Rd7 26. Bf2 Bd6 27. Kf1 Be7 28. a3 Kf8 29. Ke2 Ke8 30. Rc1 Bd6 31. Nd4 Rc7 32. Nf5 Bf8 33. Bb6 Rc8 34. Be3 h5 35. Bf4 Ng6 36. Be3 Nge5 37. Rc3 g6 38. Bf4 Kd7 39. Ne3 Bd6 1/2-1/2

[Event "Zaragoza Rey Ardid 1st"]
[Site "Zaragoza"]
[Date "2019.07.16"]
[Round "3"]
[White "Villuendas Valero, Adrian"]
[Black "Shome, Shiv"]
[Result "1/2-1/2"]
[WhiteElo "2250"]
[BlackElo "2298"]
[PlyCount "63"]
[EventDate "2019.07.15"]
[EventType "tourn"]
[EventRounds "9"]
[EventCountry "ESP"]
[EventCategory "3"]
[SourceTitle "CBM 191 Extra"]
[Source "ChessBase"]
[SourceDate "2019.09.30"]
[SourceVersion "1"]
[SourceVersionDate "2019.09.30"]
[SourceQuality "1"]

1. d4 d5 2. Nf3 Nf6 3. e3 c5 4. Bd3 Nc6 5. 0-0 Bg4 6. Be2 e6 7. h3 Bh5 8. b3 Be7 9. Bb2 0-0 10. Nbd2 Qc7 11. c4 dxc4 12. Nxc4 Rad8 13. Nfe5 Nxe5 14. Nxe5 Bxe2 15. Qxe2 Nd5 16. dxc5 Bf6 17. Nf3 Bxb2 18. Qxb2 Qxc5 19. Rfc1 Qe7 20. Rc4 Rc8 21. Rac1 Nb6 22. Rxc8 Rxc8 23. Rxc8+ Nxc8 24. Qc3 Qd8 25. Nd4 Ne7 26. Qc5 a6 27. e4 h6 28. g3 Qd7 29. Kg2 Kf8 30. Nf3 Qc6 31. Qd4 f6 32. Qb4 1/2-1/2